000 00910nam a2200277 i 4500
003 EG-GICUC
005 20260222184509.0
008 260222s1981 fr ||||fr ||| 00| 0 fre d
040 _aEG-GICUC
_cEG-GICUC
_dEG-GICUC
_erda
_bfre
082 0 4 _221
_a341.79
_bMA . O
092 0 4 _221
099 _aLaw1 11 341.79 MA . O 1981
100 1 _aMadeuf,Bernadette
_eAuteur
245 _aL'Ordre Technologique International :
_bProduction Et Transferts /
_cBernadette Madeuf.
264 0 _aParis :
_bLa Documenation Française ,
_c1981 .
300 _a192 Pages;
_c30 cm.
336 _atext
_2rda content
337 _aComputer
_2rda media
338 _aOnline Resource
_2rda carrier
546 _aTexte en français
650 0 4 _aDroit International Public
650 0 4 _aDroit Commercial International
856 _uhttps://fll.law.cu.edu.eg/fulltext/th/B11-07588.pdf
905 _a59
942 _2ddc
_cBK
_e21
_n0
999 _c64019
_d64019